[Event "POL-chT 1 Liga 2019"]
[Site "Dzwirzyno"]
[Date "2019.09.08"]
[Round "2.1"]
[White "Nayhebaver, Martin"]
[Black "Sopur, Lech"]
[Result "1/2-1/2"]
[WhiteElo "2491"]
[BlackElo "2417"]
[Annotator "ChessBase"]
[PlyCount "78"]
[EventDate "2019.09.07"]
[EventType "team-tourn"]
[EventCountry "POL"]
[SourceTitle "playchess.com"]
[Source "ChessBase"]
[SourceQuality "1"]
[TimeControl "40/5400+30:1800+30"]

1. e4 {[%emt 0:00:00]} e5 {[%emt 0:00:00]} 2. Nf3 {[%emt 0:00:06]} Nc6 {[%emt 0:00:12]} 3. Bb5 {[%emt 0:00:28]} a6 {[%emt 0:00:14]} 4. Ba4 {[%emt 0:00:24]} Nf6 {[%emt 0:00:14]} 5. O-O {[%emt 0:00:20]} b5 {[%emt 0:00:21]} 6. Bb3 {[%emt 0:00:49]} Be7 {[%emt 0:00:11]} 7. Re1 {[%emt 0:01:14]} d6 {[%emt 0:00:28]} 8. c3 {[%emt 0:00:39]} O-O {[%emt 0:00:11]} 9. h3 {[%emt 0:01:23]} Nb8 {[%emt 0:00:30]} 10. d4 {[%emt 0:00:41]} Nbd7 {[%emt 0:00:10]} 11. c4 {[%emt 0:00:56]} b4 {[%emt 0:14:25]} 12. Bc2 {[%emt 0:08:37]} c5 {[%emt 0:00:38]} 13. dxe5 {[%emt 0:02:21]} dxe5 {[%emt 0:01:32]} 14. Nbd2 {[%emt 0:01:52]} Bb7 {[%emt 0:13:47]} 15. Nf1 {[%emt 0:01:33]} Ne8 {[%emt 0:01:43]} 16. Ba4 {[%emt 0:13:56]} Nd6 {[%emt 0:07:05]} 17. Ng3 {[%emt 0:03:43]} f6 {[%emt 0:06:31]} 18. a3 {[%emt 0:07:06]} a5 {[%emt 0:12:14]} 19. Be3 {[%emt 0:01:56]} Rc8 {[%emt 0:03:42]} 20. axb4 {[%emt 0:01:52]} axb4 {[%emt 0:00:05]} 21. Nd2 {[%emt 0:01:45]} Nb6 {[%emt 0:01:58]} 22. Bc2 {[%emt 0:05:14]} Rf7 {[%emt 0:07:15]} 23. Ra7 {[%emt 0:04:34]} Bf8 {[%emt 0:00:42]} 24. Qg4 {[%emt 0:01:53]} Rcc7 {[%emt 0:02:36]} 25. Qe2 {[%emt 0:04:07]} Bc8 {[%emt 0:00:48]} 26. Ra5 {[%emt 0:01:29]} Be6 {[%emt 0:02:53]} 27. Rxc5 {[%emt 0:04:34]} Rxc5 {[%emt 0:05:45]} 28. Bxc5 {[%emt 0:00:40]} Ndxc4 {[%emt 0:00:47]} 29. Bxf8 {[%emt 0:01:11]} Kxf8 {[%emt 0:01:43]} 30. Nxc4 {[%emt 0:00:55]} Bxc4 {[%emt 0:01:07]} 31. Qe3 {[%emt 0:05:18]} Qd4 {[%emt 0:00:17]} 32. Qc1 {[%emt 0:02:53]} Be6 {[%emt 0:05:21]} 33. Rd1 {[%emt 0:01:52]} Qc5 {[%emt 0:00:06]} 34. Rd8+ {[%emt 0:01:59]} Ke7 {[%emt 0:00:05]} 35. Rg8 {[%emt 0:07:24]} g6 {[%emt 0:02:39]} 36. Qd1 {[%emt 0:11:00]} Rf8 {[%emt 0:03:28]} 37. Rg7+ {[%emt 0:00:11]} Rf7 {[%emt 0:00:22]} 38. Rg8 {[%emt 0:00:13]} Rf8 {[%emt 0:00:25]} 39. Rg7+ {[%emt 0:00:13]} Rf7 1/2-1/2

[Event "POL-chT 1 Liga 2019"]
[Site "Dzwirzyno"]
[Date "2019.09.08"]
[Round "2.2"]
[White "Flis, Pawel"]
[Black "Roubalik, Jakub"]
[Result "0-1"]
[WhiteElo "1897"]
[BlackElo "2405"]
[Annotator "TA"]
[PlyCount "80"]
[EventDate "2019.09.07"]
[EventType "team-tourn"]
[EventCountry "POL"]
[SourceTitle "playchess.com"]
[Source "ChessBase"]
[SourceQuality "1"]

{[%evp 9,80,0,43,0,0,-6,-4,-12,0,-2,15,15,10,0,23,20,29,0,0,0,9,5,17,-24,-16,-12,0,0,0,-14,-19,-12,0,0,9,10,14,0,4,0,13,16,21,0,48,6,30,21,64,61,87,50,48,56,47,54,74,79,70,77,148,-64,0,-164,-170,-163,-15,-14,0,0,0,-29992,-29993]} 1. e4 c5 2. Nc3 Nc6 3. Bb5 Nd4 4. Bc4 Nf6 (4... e6 5. Nge2 Ne7 6. Nxd4 cxd4 7. Ne2 Nc6 8. O-O a6 9. d3 d5 10. exd5 exd5 11. Bb3 Bd6 12. Nf4 Bxf4 13. Bxf4 O-O 14. Qf3 Be6 15. Rfe1 {1-0 (58) Cornette,M (2611)-Lenic,L (2662) chess.com INT 2018}) 5. d3 d6 6. h3 {B23: Closed Sicilian: Lines without g3} a6 $146 ({Predecessor:} 6... Bd7 7. Nd5 Nxd5 8. Bxd5 e6 9. Bb3 Be7 10. c3 Nxb3 11. Qxb3 Qc7 12. f4 {0-1 (37) Perdomo Raudales,J (1602)-Castrillon Otero,J (2012) Banyoles 2016}) 7. a3 b5 8. Ba2 {The position is equal.} e6 9. Nf3 Bb7 (9... Nc6 {with more complications.} 10. O-O Be7 11. d4 cxd4 12. Nxd4 Bb7) 10. Nxd4 cxd4 11. Ne2 Qb6 12. O-O Be7 13. c3 dxc3 14. Nxc3 O-O 15. Be3 Qd8 16. Qe2 d5 {aiming for ...d4.} 17. Bf4 d4 18. Nb1 {[%cal Bc3b1,Bb1d2,Bd2f3][%mdl 32]} Rc8 19. Rc1 Rxc1+ 20. Bxc1 Qc7 21. Nd2 Nd7 22. Nf3 Bf6 23. Ne1 Nc5 24. Bd2 Na4 25. Rc1 Qd7 26. Bb3 Be7 27. Ba5 {Hoping for Bxa4.} Bd6 28. Nf3 Bf4 29. Rc2 $36 {[%mdl 2048] White has some pressure.} Bb8 30. Bxa4 bxa4 31. Rc4 e5 32. Qc2 f5 33. Bc7 {Black must now prevent Bxb8.} fxe4 34. Nxe5 Qf5 (34... exd3 $142 35. Qxd3 (35. Nxd7 dxc2 36. Rxc2 d3 $17) 35... Qd5) 35. Rc5 $2 (35. Bxb8 $16 e3 36. f3 Rxb8 37. Rc5) 35... Bxc7 ({Black should play} 35... exd3 $15 36. Nxd3 Qg6 $1 {[%mdl 512]}) 36. Qc4+ $2 {[#]} (36. Rxc7 $11 {and White is okay.} Bd5 37. Nc6 Bxc6 38. Rxc6) 36... Kh8 $1 $19 37. Ng4 {[#]} Qf4 (37... Bh2+ $1 $19 {[%mdl 512]} 38. Kxh2 Qf4+ 39. Kg1 e3) 38. Rxc7 $11 e3 39. Rxb7 {fxe3 is the strong threat.} exf2+ 40. Kf1 $2 {[%mdl 8192]} (40. Nxf2 $11 Qxf2+ 41. Kh2) 40... Qd2 {Accuracy: White = 37%, Black = 34%.} 0-1

[Event "POL-chT 1 Liga 2019"]
[Site "Dzwirzyno"]
[Date "2019.09.08"]
[Round "2.3"]
[White "Paszewski, Mateusz"]
[Black "Szmacinski, Slawomir"]
[Result "1-0"]
[WhiteElo "2297"]
[BlackElo "1848"]
[Annotator "NA"]
[PlyCount "83"]
[EventDate "2019.09.07"]
[EventType "team-tourn"]
[EventCountry "POL"]
[SourceTitle "playchess.com"]
[Source "ChessBase"]
[SourceQuality "1"]
[TimeControl "40/5400+30:1800+30"]

1. d4 {[%emt 0:00:24]} d5 {[%emt 0:00:00]} 2. Bf4 {[%emt 0:00:38]} Nf6 {[%emt 0:00:53]} 3. e3 {[%emt 0:00:26]} e6 {[%emt 0:00:48]} 4. Nd2 {[%emt 0:00:39]} c5 {[%emt 0:01:24]} 5. c3 {[%emt 0:00:10]} Nc6 {[%emt 0:00:47]} 6. Bd3 {[%emt 0:00:29]} Bd6 {[%emt 0:03:12]} 7. Bg3 {[%emt 0:00:35]} O-O {[%emt 0:00:43]} 8. Ngf3 {[%emt 0:00:05]} Re8 {[%emt 0:00:31]} 9. Ne5 {[%emt 0:01:54]} Qc7 {[%emt 0:05:30]} 10. f4 {[%emt 0:01:10]} a6 {[%emt 0:06:20]} 11. Bh4 {[%emt 0:02:16]} Be7 {[%emt 0:03:56]} 12. O-O {[%emt 0:12:37]} b5 {[%emt 0:13:51]} 13. Qf3 {[%emt 0:04:16]} c4 {[%emt 0:04:23]} 14. Bc2 {[%emt 0:02:44]} Rb8 {[%emt 0:00:18]} 15. a3 {[%emt 0:00:56]} g6 {[%emt 0:10:17]} 16. Qh3 {[%emt 0:02:48]} Bb7 {[%emt 0:09:02]} 17. Ndf3 {[%emt 0:09:26]} Ne4 {[%emt 0:11:07]} 18. Bxe4 {[%emt 0:19:32]} dxe4 {[%emt 0:00:21]} 19. Ng5 {[%emt 0:00:03]} Bxg5 {[%emt 0:05:55]} 20. Bxg5 {[%emt 0:00:06]} f5 {[%emt 0:07:30]} 21. Bf6 {[%emt 0:01:42]} Rbc8 {[%emt 0:00:29]} 22. Qh6 {[%emt 0:03:15]} Nxe5 {[%emt 0:01:36]} 23. fxe5 {[%emt 0:01:36]} Qf7 {[%emt 0:01:02]} 24. Kh1 {[%emt 0:09:56]} Rc7 {[%emt 0:00:48]} 25. g4 {[%emt 0:01:51]} Qf8 {[%emt 0:02:27]} 26. Qh3 {[%emt 0:04:28]} Bc6 {[%emt 0:00:58]} 27. Rf2 {[%emt 0:01:06]} Rf7 {[%emt 0:01:11]} 28. Rg1 {[%emt 0:01:21]} Bd7 {[%emt 0:01:21]} 29. gxf5 {[%emt 0:01:12]} Rxf6 {[%emt 0:00:23]} 30. fxg6 {[%emt 0:02:30]} Rxg6 {[%emt 0:00:28]} 31. Rxg6+ {[%emt 0:00:25]} hxg6 {[%emt 0:00:03]} 32. Rxf8+ {[%emt 0:00:04]} Rxf8 {[%emt 0:00:37]} 33. Qg4 {[%emt 0:00:06]} Kg7 {[%emt 0:00:48]} 34. Kg1 {[%emt 0:00:39]} Rf7 {[%emt 0:03:56]} 35. Qxe4 {[%emt 0:00:25]} a5 {[%emt 0:03:23]} 36. Qa8 {[%emt 0:00:21]} a4 {[%emt 0:00:16]} 37. e4 {[%emt 0:00:35]} g5 {[%emt 0:00:23]} 38. Qd8 {[%emt 0:00:16]} Kh7 {[%emt 0:01:06]} 39. Kg2 {[%emt 0:00:17]} g4 {[%emt 0:00:33]} 40. Kg3 {[%emt 0:00:00]} Rg7 {[%emt 0:00:00]} 41. d5 {[%emt 0:00:38]} exd5 {[%emt 0:00:31]} 42. exd5 {[%emt 0:02:40]} 1-0

[Event "POL-chT 1 Liga 2019"]
[Site "Dzwirzyno"]
[Date "2019.09.08"]
[Round "2.4"]
[White "Redlich, Bogdan"]
[Black "Ciesla, Adam"]
[Result "0-1"]
[WhiteElo "1600"]
[BlackElo "2273"]
[Annotator "NA"]
[PlyCount "68"]
[EventDate "2019.09.07"]
[EventType "team-tourn"]
[EventCountry "POL"]
[SourceTitle "playchess.com"]
[Source "ChessBase"]
[SourceQuality "1"]
[TimeControl "40/5400+30:1800+30"]

1. d4 {[%emt 0:00:00]} g6 {[%emt 0:00:45]} 2. Nf3 {[%emt 0:00:17]} Bg7 {[%emt 0:00:18]} 3. c4 {[%emt 0:01:19]} c5 {[%emt 0:00:28]} 4. d5 {[%emt 0:04:56]} d6 {[%emt 0:01:44]} 5. Nc3 {[%emt 0:01:55]} e6 {[%emt 0:02:51]} 6. g3 {[%emt 0:04:49]} Ne7 {[%emt 0:03:52]} 7. Bg2 {[%emt 0:05:27]} exd5 {[%emt 0:03:47]} 8. cxd5 {[%emt 0:06:03]} a6 {[%emt 0:00:27]} 9. a4 {[%emt 0:01:04]} O-O {[%emt 0:00:16]} 10. O-O {[%emt 0:01:28]} h6 {[%emt 0:08:13]} 11. Nd2 {[%emt 0:09:07]} Nd7 {[%emt 0:07:05]} 12. Nc4 {[%emt 0:03:42]} Nb6 {[%emt 0:01:44]} 13. Na3 {[%emt 0:02:57]} Bd7 {[%emt 0:04:13]} 14. a5 {[%emt 0:05:03]} Nbc8 {[%emt 0:00:44]} 15. Nc4 {[%emt 0:02:11]} Bb5 {[%emt 0:02:52]} 16. Qb3 {[%emt 0:07:49]} Bxc4 {[%emt 0:07:56]} 17. Qxc4 {[%emt 0:00:13]} b5 {[%emt 0:01:06]} 18. axb6 {[%emt 0:01:28]} Nxb6 {[%emt 0:00:49]} 19. Qb3 {[%emt 0:02:27]} Qc7 {[%emt 0:02:49]} 20. Qc2 {[%emt 0:07:00]} Nf5 {[%emt 0:07:13]} 21. e3 {[%emt 0:02:10]} Nd4 {[%emt 0:04:50]} 22. exd4 {[%emt 0:06:52]} cxd4 {[%emt 0:00:09]} 23. Qd3 {[%emt 0:02:09]} dxc3 {[%emt 0:01:09]} 24. bxc3 {[%emt 0:00:18]} a5 {[%emt 0:06:25]} 25. Be3 {[%emt 0:01:24]} Qc4 {[%emt 0:01:20]} 26. Rfd1 {[%emt 0:04:05]} Qxd3 {[%emt 0:02:08]} 27. Rxd3 {[%emt 0:00:05]} Nc4 {[%emt 0:01:03]} 28. Bd4 {[%emt 0:00:40]} Rfc8 {[%emt 0:00:37]} 29. Bxg7 {[%emt 0:01:15]} Kxg7 {[%emt 0:00:03]} 30. Rd4 {[%emt 0:01:29]} Rc5 {[%emt 0:01:59]} 31. Bf1 {[%emt 0:01:43]} Ne5 {[%emt 0:01:31]} 32. Rda4 {[%emt 0:00:41]} Nd7 {[%emt 0:04:35]} 33. Rb1 {[%emt 0:05:28]} Rxc3 {[%emt 0:01:06]} 34. Rb7 {[%emt 0:00:12]} Nc5 {[%emt 0:00:19]} 0-1

[Event "POL-chT 1 Liga 2019"]
[Site "Dzwirzyno"]
[Date "2019.09.08"]
[Round "2.5"]
[White "Tomaszewski, Roman"]
[Black "Kelm, Robert"]
[Result "1-0"]
[WhiteElo "2195"]
[BlackElo "1585"]
[Annotator "NA"]
[PlyCount "105"]
[EventDate "2019.09.07"]
[EventType "team-tourn"]
[EventCountry "POL"]
[SourceTitle "playchess.com"]
[Source "ChessBase"]
[SourceQuality "1"]
[TimeControl "40/5400+30:1800+30"]

1. d4 {[%emt 0:00:00]} Nf6 {[%emt 0:00:43]} 2. c4 {[%emt 0:00:54]} e6 {[%emt 0:00:52]} 3. Nf3 {[%emt 0:01:03]} d5 {[%emt 0:02:35]} 4. Qc2 {[%emt 0:03:01]} Bb4+ {[%emt 0:04:52]} 5. Nbd2 {[%emt 0:01:50]} Ne4 {[%emt 0:05:30]} 6. e3 {[%emt 0:20:21]} O-O {[%emt 0:03:11]} 7. a3 {[%emt 0:02:55]} Bxd2+ {[%emt 0:02:18]} 8. Nxd2 {[%emt 0:00:47]} f5 {[%emt 0:01:48]} 9. g3 {[%emt 0:09:03]} a5 {[%emt 0:07:38]} 10. b3 {[%emt 0:00:18]} Nd7 {[%emt 0:09:26]} 11. cxd5 {[%emt 0:02:05]} exd5 {[%emt 0:01:45]} 12. Bd3 {[%emt 0:06:51]} Rf6 {[%emt 0:05:57]} 13. f3 {[%emt 0:08:16]} Nxd2 {[%emt 0:19:09]} 14. Bxd2 {[%emt 0:00:30]} Nb6 {[%emt 0:01:24]} 15. a4 {[%emt 0:00:10]} Qd6 {[%emt 0:01:43]} 16. Rc1 {[%emt 0:09:17]} c6 {[%emt 0:02:21]} 17. Qc5 {[%emt 0:02:48]} Qxc5 {[%emt 0:04:32]} 18. Rxc5 {[%emt 0:00:14]} Be6 {[%emt 0:02:06]} 19. Rxa5 {[%emt 0:00:10]} Rff8 {[%emt 0:00:05]} 20. Kf2 {[%emt 0:04:56]} Kf7 {[%emt 0:02:55]} 21. Rxa8 {[%emt 0:00:58]} Rxa8 {[%emt 0:00:43]} 22. h3 {[%emt 0:00:05]} Nd7 {[%emt 0:02:12]} 23. g4 {[%emt 0:00:12]} g6 {[%emt 0:00:03]} 24. Bb4 {[%emt 0:01:41]} h6 {[%emt 0:06:10]} 25. Bd6 {[%emt 0:04:54]} Nf6 {[%emt 0:01:35]} 26. Be5 {[%emt 0:07:28]} Bd7 {[%emt 0:02:27]} 27. Bf4 {[%emt 0:03:43]} Ng8 {[%emt 0:01:06]} 28. Kg3 {[%emt 0:00:55]} Rc8 {[%emt 0:00:16]} 29. Rc1 {[%emt 0:00:32]} Ra8 {[%emt 0:00:38]} 30. Rf1 {[%emt 0:02:06]} Rc8 {[%emt 0:00:08]} 31. Rg1 {[%emt 0:01:51]} Ra8 {[%emt 0:00:50]} 32. Rg2 {[%emt 0:00:24]} Rc8 {[%emt 0:02:21]} 33. Rf2 {[%emt 0:00:41]} Ra8 {[%emt 0:00:21]} 34. h4 {[%emt 0:00:54]} Ke7 {[%emt 0:04:06]} 35. h5 {[%emt 0:02:10]} fxg4 {[%emt 0:01:27]} 36. hxg6 {[%emt 0:00:21]} gxf3 {[%emt 0:00:59]} 37. Rxf3 {[%emt 0:00:09]} Be6 {[%emt 0:00:33]} 38. Be5 {[%emt 0:00:30]} Rc8 {[%emt 0:00:40]} 39. Kh4 {[%emt 0:00:57]} c5 {[%emt 0:00:36]} 40. dxc5 {[%emt 0:00:00]} Rxc5 {[%emt 0:00:00]} 41. Bb2 {[%emt 0:11:13]} Rc8 {[%emt 0:03:07]} 42. Ba3+ {[%emt 0:00:38]} Kd7 {[%emt 0:00:15]} 43. Bb5+ {[%emt 0:01:09]} Kc7 {[%emt 0:00:04]} 44. Bc5 {[%emt 0:05:58]} b6 {[%emt 0:00:20]} 45. Ba3 {[%emt 0:00:49]} Rd8 {[%emt 0:00:26]} 46. Rf7+ {[%emt 0:01:22]} Kb8 {[%emt 0:04:57]} 47. Rg7 {[%emt 0:02:09]} d4 {[%emt 0:04:08]} 48. Bb2 {[%emt 0:01:00]} Bxb3 {[%emt 0:04:44]} 49. Bxd4 {[%emt 0:00:16]} Rf8 {[%emt 0:00:11]} 50. Be5+ {[%emt 0:01:02]} Kc8 {[%emt 0:00:07]} 51. Ba6+ {[%emt 0:00:07]} Kd8 {[%emt 0:00:05]} 52. Bc7+ {[%emt 0:00:07]} Ke8 {[%emt 0:00:03]} 53. Bb5# {[%emt 0:00:04]} 1-0

[Event "POL-chT 1 Liga 2019"]
[Site "Dzwirzyno"]
[Date "2019.09.08"]
[Round "2.6"]
[White "Miturova, Magdalena"]
[Black "Lach, Aleksandra"]
[Result "0-1"]
[WhiteElo "2219"]
[BlackElo "2173"]
[Annotator "NA"]
[PlyCount "78"]
[EventDate "2019.09.07"]
[EventType "team-tourn"]
[EventCountry "POL"]
[SourceTitle "playchess.com"]
[Source "ChessBase"]
[SourceQuality "1"]
[TimeControl "40/5400+30:1800+30"]

1. Nf3 {[%emt 0:00:00]} c5 {[%emt 0:01:44]} 2. c4 {[%emt 0:00:00]} Nc6 {[%emt 0:00:29]} 3. Nc3 {[%emt 0:00:07]} g6 {[%emt 0:05:27]} 4. e3 {[%emt 0:00:17]} d6 {[%emt 0:08:35]} 5. d4 {[%emt 0:01:27]} Bg4 {[%emt 0:02:28]} 6. Be2 {[%emt 0:11:28]} Bg7 {[%emt 0:08:44]} 7. O-O {[%emt 0:03:35]} Nf6 {[%emt 0:15:55]} 8. b3 {[%emt 0:11:52]} O-O {[%emt 0:06:44]} 9. Bb2 {[%emt 0:00:23]} Bxf3 {[%emt 0:02:12]} 10. Bxf3 {[%emt 0:00:11]} cxd4 {[%emt 0:00:05]} 11. exd4 {[%emt 0:00:23]} Ne8 {[%emt 0:02:47]} 12. d5 {[%emt 0:14:58]} Nd4 {[%emt 0:08:34]} 13. Be4 {[%emt 0:01:26]} f5 {[%emt 0:01:05]} 14. Na4 {[%emt 0:15:08]} Nxb3 {[%emt 0:03:44]} 15. Bxg7 {[%emt 0:00:39]} Nxg7 {[%emt 0:01:39]} 16. axb3 {[%emt 0:00:55]} fxe4 {[%emt 0:00:25]} 17. Qg4 {[%emt 0:04:23]} e3 {[%emt 0:05:25]} 18. fxe3 {[%emt 0:00:12]} Rf6 {[%emt 0:00:21]} 19. Qd4 {[%emt 0:07:00]} Nf5 {[%emt 0:03:19]} 20. Qd3 {[%emt 0:00:37]} a6 {[%emt 0:07:03]} 21. e4 {[%emt 0:01:11]} Nh6 22. c5 {[%emt 0:06:25]} dxc5 {[%emt 0:03:11]} 23. e5 {[%emt 0:05:41]} Rf5 {[%emt 0:02:45]} 24. Rae1 {[%emt 0:00:45]} b5 {[%emt 0:04:48]} 25. Nxc5 {[%emt 0:02:34]} Qb6 {[%emt 0:00:01]} 26. b4 {[%emt 0:00:10]} Rd8 {[%emt 0:01:44]} 27. Kh1 {[%emt 0:01:33]} a5 {[%emt 0:01:48]} 28. Qe4 {[%emt 0:05:29]} axb4 {[%emt 0:02:10]} 29. Ne6 Re8 {[%emt 0:00:33]} 30. Qh4 {[%emt 0:02:10]} Qe3 31. Nf4 {[%emt 0:02:43]} Qd2 {[%emt 0:00:31]} 32. Qxh6 {[%emt 0:01:25]} Rh5 {[%emt 0:00:01]} 33. Re2 {[%emt 0:00:49]} Qxe2 {[%emt 0:00:21]} 34. Nxe2 {[%emt 0:00:22]} Rxh6 {[%emt 0:00:01]} 35. Nd4 {[%emt 0:00:20]} Rh5 {[%emt 0:00:47]} 36. Nc6 {[%emt 0:00:10]} Rf5 {[%emt 0:01:15]} 37. Rd1 {[%emt 0:00:26]} b3 {[%emt 0:00:58]} 38. d6 {[%emt 0:00:19]} exd6 {[%emt 0:00:05]} 39. exd6 {[%emt 0:00:04]} Rd5 {[%emt 0:00:13]} 0-1

[Event "POL-chT 1 Liga 2019"]
[Site "Dzwirzyno"]
[Date "2019.09.08"]
[Round "2.8"]
[White "Lewtak, Damian"]
[Black "Godzwon, Iwo"]
[Result "1/2-1/2"]
[WhiteElo "2377"]
[BlackElo "2265"]
[Annotator "NA"]
[PlyCount "81"]
[EventDate "2019.09.07"]
[EventType "team-tourn"]
[EventCountry "POL"]
[SourceTitle "playchess.com"]
[Source "ChessBase"]
[SourceQuality "1"]
[TimeControl "40/5400+30:1800+30"]

1. e4 {[%emt 0:00:00]} c5 {[%emt 0:00:00]} 2. Nf3 {[%emt 0:00:00]} e6 {[%emt 0:00:00]} 3. b3 {[%emt 0:00:00]} Nc6 {[%emt 0:03:53]} 4. Bb2 {[%emt 0:00:22]} d5 {[%emt 0:00:03]} 5. Bb5 {[%emt 0:02:48]} dxe4 {[%emt 0:01:38]} 6. Ne5 {[%emt 0:00:59]} Bd7 {[%emt 0:06:33]} 7. Bxc6 {[%emt 0:04:16]} Bxc6 {[%emt 0:00:02]} 8. Nxc6 {[%emt 0:00:54]} bxc6 {[%emt 0:00:03]} 9. Qe2 {[%emt 0:00:07]} Nf6 {[%emt 0:00:25]} 10. Nc3 {[%emt 0:01:42]} Be7 {[%emt 0:00:37]} 11. Nxe4 {[%emt 0:05:07]} O-O {[%emt 0:07:04]} 12. O-O {[%emt 0:10:48]} Nxe4 {[%emt 0:02:28]} 13. Qxe4 {[%emt 0:00:03]} Qxd2 {[%emt 0:03:39]} 14. Rad1 {[%emt 0:00:06]} Qb4 {[%emt 0:04:20]} 15. c4 {[%emt 0:02:00]} Rfd8 {[%emt 0:00:51]} 16. Qxc6 {[%emt 0:03:37]} Qb6 {[%emt 0:04:54]} 17. Qf3 {[%emt 0:08:44]} Qa5 {[%emt 0:07:41]} 18. a3 {[%emt 0:13:16]} Bf8 {[%emt 0:00:34]} 19. g3 {[%emt 0:01:08]} Qb6 {[%emt 0:01:12]} 20. Rxd8 {[%emt 0:00:42]} Rxd8 {[%emt 0:00:04]} 21. Rd1 {[%emt 0:00:08]} f6 {[%emt 0:03:41]} 22. Rxd8 {[%emt 0:06:48]} Qxd8 {[%emt 0:00:03]} 23. Bc3 {[%emt 0:00:19]} Qb6 {[%emt 0:05:54]} 24. Qd1 {[%emt 0:01:33]} Be7 {[%emt 0:00:38]} 25. Qd7 {[%emt 0:08:04]} Kf8 {[%emt 0:00:23]} 26. b4 {[%emt 0:01:54]} cxb4 {[%emt 0:01:19]} 27. axb4 {[%emt 0:00:11]} Bxb4 {[%emt 0:01:33]} 28. Bd4 {[%emt 0:00:23]} Qd6 {[%emt 0:02:09]} 29. Qxa7 {[%emt 0:04:08]} Qe7 {[%emt 0:09:06]} 30. Qb8+ {[%emt 0:01:57]} Kf7 {[%emt 0:00:02]} 31. Qb5 {[%emt 0:00:16]} Qd6 {[%emt 0:01:05]} 32. Be3 {[%emt 0:02:36]} g5 {[%emt 0:01:33]} 33. h4 {[%emt 0:04:04]} h6 {[%emt 0:05:08]} 34. Kh2 {[%emt 0:03:17]} Bc3 {[%emt 0:00:05]} 35. Qb7+ {[%emt 0:05:37]} Qe7 {[%emt 0:01:25]} 36. Qf3 {[%emt 0:01:15]} Qb4 {[%emt 0:01:42]} 37. hxg5 {[%emt 0:02:15]} hxg5 {[%emt 0:00:09]} 38. Qe4 {[%emt 0:02:18]} Be5 {[%emt 0:02:17]} 39. Qh7+ {[%emt 0:00:45]} Ke8 {[%emt 0:00:03]} 40. c5 {[%emt 0:00:00]} Qh4+ {[%emt 0:00:00]} 41. Qxh4 {[%emt 0:00:41]} 1/2-1/2

[Event "POL-chT 1 Liga 2019"]
[Site "Dzwirzyno"]
[Date "2019.09.08"]
[Round "2.8"]
[White "Kowalski, Igor"]
[Black "Kislinsky, Alexey"]
[Result "*"]
[WhiteElo "2364"]
[BlackElo "2436"]
[Annotator "TA"]
[PlyCount "24"]
[EventDate "2019.09.07"]
[EventType "team-tourn"]
[EventCountry "POL"]
[SourceTitle "playchess.com"]
[Source "ChessBase"]
[SourceQuality "1"]

{[%evp 9,12,18,28,27,43]} 1. e4 c5 2. Nf3 e6 3. b3 Nc6 4. Bb2 d5 5. Bb5 dxe4 (5... Nf6 6. e5 Nd7 7. Bxc6 bxc6 8. d3 a5 9. Nc3 Ba6 10. O-O Be7 11. Re1 O-O 12. Qd2 Nb6 {1-0 (48) Antipov,M (2576)-Grachev,B (2658) Minsk 2017}) 6. Ne5 {B40: Sicilian: 2...e6, Unusual lines} Bd7 {Predecessor:} 7. Bxc6 $146 Bxc6 8. Nxc6 bxc6 9. Nc3 Nf6 10. Qe2 Qd4 11. Qa6 Qd7 12. O-O-O Rb8 {0-1 (55) Gruber,M (2122)-Kuehlmeyer,K (2027) Seefeld 2005} *

[Event "POL-chT 1 Liga 2019"]
[Site "Dzwirzyno"]
[Date "2019.09.08"]
[Round "2.9"]
[White "Grabarczyk, Miroslaw"]
[Black "Nowak, Lukasz"]
[Result "*"]
[WhiteElo "2374"]
[BlackElo "2270"]
[Annotator "TA"]
[PlyCount "21"]
[EventDate "2019.09.07"]
[EventType "team-tourn"]
[EventCountry "POL"]
[SourceTitle "playchess.com"]
[Source "ChessBase"]
[SourceQuality "1"]

{[%evp 9,21,15,2,0,0,0,13,0,21,0,0,-27,-23,-29]} 1. d4 Nf6 2. Nf3 d6 3. Bf4 Nh5 (3... g6 4. Nc3 Bg7 5. e4 O-O 6. Qd2 c6 7. h3 b5 8. Bd3 Bb7 9. O-O b4 10. Ne2 c5 11. dxc5 Nxe4 12. Bxe4 Bxe4 13. Ng5 Bf5 14. cxd6 Nc6 {½-½ (43) Van Foreest,J (2614)-Guseinov,G (2664) St Petersburg 2018}) 4. Bd2 g6 5. e3 Bg7 6. Be2 {A46: 1 d4 Nf6 2 Nf3 e6: Torre, London and Colle Systems} O-O 7. O-O $146 ({Predecessor:} 7. c4 e5 8. dxe5 dxe5 9. Bc3 Qe7 10. O-O c5 11. Qc2 {0-1 (64) Grubiak,R (2095)-Kwiatkowski,Z (1681) Polanica Zdroj 2013}) 7... Nf6 8. c4 Nbd7 9. Bc3 Ne4 10. Nfd2 Nxc3 11. Nxc3 *

[Event "POL-chT 1 Liga 2019"]
[Site "Dzwirzyno"]
[Date "2019.09.08"]
[Round "2.9"]
[White "Wacior, Maciej"]
[Black "Plichta, Kamil"]
[Result "0-1"]
[WhiteElo "2116"]
[BlackElo "2349"]
[Annotator "TA"]
[PlyCount "80"]
[EventDate "2019.09.07"]
[EventType "team-tourn"]
[EventCountry "POL"]
[SourceTitle "playchess.com"]
[Source "ChessBase"]
[SourceQuality "1"]

{[%evp 9,80,15,16,-1,6,5,14,0,22,-2,-1,-17,-29,-25,-18,-25,-30,-39,-30,-46,-27,-29,-32,-37,-33,-31,-25,-58,-31,-56,-34,-59,-8,-84,-69,-84,-65,-84,-77,-73,-79,-71,-54,-52,-22,-22,-25,-33,8,-14,0,-41,-45,-60,-43,-50,-20,-15,-2,-15,-15,-52,-45,-143,-85,-508,-500,-1299,-1214,-29986,-29987,-29990,-29991]} 1. d4 Nf6 2. Nf3 d6 3. Bf4 Nh5 (3... g6 4. Nc3 Bg7 5. e4 O-O 6. Qd2 c6 7. h3 b5 8. Bd3 Bb7 9. O-O b4 10. Ne2 c5 11. dxc5 Nxe4 12. Bxe4 Bxe4 13. Ng5 Bf5 14. cxd6 Nc6 {½-½ (43) Van Foreest,J (2614)-Guseinov,G (2664) St Petersburg 2018}) 4. Bd2 g6 5. e3 Bg7 6. Be2 {A46: 1 d4 Nf6 2 Nf3 e6: Torre, London and Colle Systems} O-O 7. O-O $146 ({Predecessor:} 7. c4 e5 8. dxe5 dxe5 9. Bc3 Qe7 10. O-O c5 11. Qc2 {0-1 (64) Grubiak,R (2095)-Kwiatkowski,Z (1681) Polanica Zdroj 2013}) 7... Nf6 8. c4 {The position is equal.} Nbd7 9. Bc3 Ne4 10. Nfd2 Nxc3 11. Nxc3 e5 12. Nb3 exd4 13. exd4 c6 14. Re1 Nf6 15. Bf3 Bf5 16. Qd2 Qd7 17. h3 {White wants to play g4.} h5 18. a4 Kh7 19. a5 Bh6 20. Qd1 a6 (20... Rae8 $15) 21. Na4 (21. Nd2 $11) 21... Rae8 $17 22. Nb6 Qd8 23. Nd2 Rxe1+ 24. Qxe1 Re8 25. Qd1 Nd7 26. Nxd7 $1 Bxd7 27. Ne4 Bf5 28. Ng3 Qf6 29. Qb3 Re7 30. Rd1 (30. Bxh5 $5 Bxh3 31. Qf3 (31. gxh3 gxh5 32. Kf1 h4 $11) 31... Qxf3 32. Bxf3 $11) 30... h4 $36 {[%mdl 2048] Black has some pressure.} 31. Nxf5 Qxf5 32. Qb4 Bf4 33. Qc3 c5 34. b4 Qf6 35. bxc5 dxc5 36. Qb3 (36. Kf1 $1 $15) 36... cxd4 (36... Bc7 $142 {...Qf4 is the strong threat.} 37. Bxb7 cxd4) 37. Bxb7 $2 {[%mdl 8192] [#]} (37. Kf1 $17 {is more resistant.}) 37... d3 $1 $19 {[%mdl 512]} 38. Bf3 (38. Qxd3 $142 Rxb7 39. Qf3) 38... d2 {( -> ...Re1+)} 39. Qb4 Qd6 40. c5 {[#]} Qd4 $1 {[%mdl 512] Accuracy: White = 25%, Black = 58%.} 0-1